000 00804nam a22002777a 4500
005 20260113141812.0
008 260113t2024 sp ||||| |||| 00| 0 spa d
020 _a978-2-294-78048-6
040 _aIste
041 _aspa
044 _asp
082 _a612:612.7
_bT544
100 _aTixa, Serge
_cAutor
_eAutor
_98705
245 _aAtlas de anatomía palpatoria:
_bmiembro inferior tomo 2
250 _a6a. ed.
260 _aBarcelona - España
_bElsevier
_c2024
300 _a286 páginas,
_bgráficos, ilustraciones, tablas.
650 _aCADERA
_98711
650 _aRODILLA
_98712
650 _aTOBILLO
_98713
650 _aPIE
_98714
650 _aAPROXIMACIÓN TRANSVERSAL
_98715
653 _aTECNOLOGÍA Y CIENCIAS MÉDICAS
653 _aTERAPÉUTICA
942 _2udc
_cLB
_zUCat
999 _c1737
_d1737